Name the Control Z characters - Statistics

General Stats
  • This quiz has been taken 32 times
  • The average score is 10 of 20
Answer Stats
Picture Answer % Correct
Raúl León
95%
Sofía Herrera
90%
Alejandra Salomone
65%
Luis Navarro
65%
Gerardo Granda
60%
Pablo García
60%
Bruno
55%
Isabela de la Fuente
55%
Javier Williams
55%
María Alexander
55%
Natalia Alexander
55%
Rosa Restrepo
55%
Ernesto
45%
Darío
40%
Susana
35%
Claudia
30%
Miguel Quintanilla
30%
Raúl
10%
Alex
5%
Bruno
5%
No matching quizzes found
Score Distribution
Percent of People with Each Score
Percentile by Number Answered
Your Score History
You have not taken this quiz